Statystyki dla Złote karty Brazylijczyków w EA FC 24

Kliknij tutaj aby rozwiązać quiz!

Ogólne statystyki

  • Ten quiz został rozwiązany 36 razy
  • Średni wynik to 19 z 110

Statystyki odpowiedzi

OverallZawodnik% Poprawnych
89Neymar
97%
89Alisson
90%
88Ederson
90%
75Amaral Alves Marcos Vinicius
87%
75Vinicius
87%
89Vinicius Junior
87%
89Casemiro
74%
85Rodrygo
71%
87Marquinhos
61%
86Eder Militao
55%
84Thiago Silva
48%
84Gabriel Martinelli
45%
84Fabinho
42%
84Gabriel
42%
84Gabriel Jesus
42%
84Raphinha
42%
78Alex Sandro
39%
75Juan Jesus
39%
80Richarlison
39%
84Bremer
35%
75Felipe Rodrigues da Silva
35%
76Joao Victor Gomes da Silva
35%
77L. Henrique Rosa da Silva
35%
76 | 81Danilo
32%
81Lucas Paqueta
32%
81Antony
23%
84Bruno Guimaraes
23%
79Douglas Luiz
23%
81Fred
23%
82Roberto Firmino
23%
82Joelinton
19%
78Neto
16%
77Samuel Dias Lino
16%
79Alex Telles
13%
76Carlos Junior
13%
78Dante
13%
81Diego Carlos
13%
78Emerson
13%
78Felipe
13%
82Fernando
13%
79Philippe Coutinho
13%
77Willian
13%
81Anderson Talisca
10%
78Gabriel Paulista
10%
80Ibanez
10%
81Malcom
10%
78Matheus Cunha
10%
78Oscar
10%
80Pepe
10%
75Bernard Anicio Caldeira Duarte
6%
77Dodo
6%
78Evanilson
6%
81Felipe Anderson
6%
75Gabriel Souza
6%
78Galeno
6%
78Junior Messias
6%
75Leo Duarte
6%
75Matheus Henrique de Souza
6%
79Renan Lodi
6%
75Souza
6%
75Vinicius de Souza
6%
76Willian Jose
6%
77Andreas Pereira
3%
75Andrei Girotto
3%
75Andre Ramalho
3%
78Arthur Melo
3%
78Caio Henrique
3%
79Carlos Neves
3%
78Coronado
3%
76Davidson
3%
75Evander
3%
76Helton Leite
3%
76Igor
3%
79Marcelo Grohe
3%
80Matheus
3%
79Matheus Reis
3%
75Mauro Junior
3%
80Mendonca Cabral
3%
79Romarinho
3%
76Tete
3%
76Tuta
3%
77Vanderson
3%
76Wendell
3%
75Andrew da Silva Ventura
0%
75Cesinha
0%
76Danilo Santos de Oliveira
0%
80David Neres
0%
77Ederson Jose Dos Santos
0%
77Gabriel Rebecato
0%
75Guilherme Sitya
0%
75Iago
0%
77Igor Paixao
0%
78Ismaily
0%
75Jean
0%
76Juan Paulo Mior
0%
75Lazaro Vinicius Marques
0%
75Leonardo Baptistao
0%
75Lincoln
0%
76Luan Peres
0%
78Marcao
0%
75Mauricio Jose da Silveira Junior
0%
77Michael Oliveira
0%
76Paulo Victor
0%
75Paulo Vitor Fagundes dos Anjos
0%
75Robert Nascimento
0%
77Rodrigo Becao
0%
75Taison Freda
0%
75Walace
0%
76Willian Arao
0%

Rozkład punktacji

Percentyl według liczby udzielonych odpowiedzi

Procent ludzi z każdym wynikiem

Twoja historia wyników

Nie rozwiązałeś tego quizu